00377 a2200133 450000500170000002000180001708200140003510000160004924500470006525000120011226000370012430000600016170000220022120250616142816.0 a0-07-255217-4 a658.8 PET aPETER, P. J aMarketing Management: Knowledge and Skills a7th Ed. aBostonbMcGraw-Hill Irwinc2004. axix,876p.:ill.;diagrams, pictutres, tablesbIndexc26cm aJames H. Donnelly